000 00892nam a2200217Ii 4500
003 JO-AjNU
008 230605s9999||||xx |||||||||||||| ||und||
017 _a1983/525
040 _aJO-AjNU
_bara
_erda
_cJO-AjNU
041 _aara
050 1 4 _aHC59.7 1983
100 3 _aنجم الدين، نجيب,
_eauthor
_957255
245 0 0 _aالبلدان النامية والنظام الإقتصادي الدولي الجديد
264 3 1 _aبغداد: دار الرشيد للنشر، 1983
300 _a183ص
336 _atext
_btxt
_2rdacontent
337 _aunmediated
_bn
_2rdamedia
338 _avolume
_bnc
_2rdacarrier
490 0 _aالسلسلة الاعلامية- منشورات وزارة الثقافة والاعلام الجمهورية العراقية
650 4 _aالاقتصاد الدولي- العلاقات الاقتصادية- البلدان النامية
_957256
999 _aA25645
_c29213
_d29213